|
|
|
|
| LEADER |
00000nam0a2200000 4500 |
| 001 |
74663 |
| 005 |
20231101212753.0 |
| 035 |
|
|
|a (RuTPU)RU\TPU\book\79631
|
| 090 |
|
|
|a 74663
|
| 100 |
|
|
|a 20050311d1967 km y0rusy50 ca
|
| 101 |
0 |
|
|a rus
|
| 102 |
|
|
|a RU
|
| 105 |
|
|
|a a z 001zy
|
| 200 |
1 |
|
|a Использование тепла уходящих газов газифицированных котельных
|f И. З. Аронов
|
| 210 |
|
|
|a Москва
|c Энергия
|d 1967
|
| 215 |
|
|
|a 192 с.
|c ил.
|
| 320 |
|
|
|a Библиогр.: с. 190-191.
|
| 606 |
|
|
|a Котельные
|2 stltpush
|3 (RuTPU)RU\TPU\subj\15920
|9 42118
|
| 610 |
1 |
|
|a котельные топки
|
| 610 |
1 |
|
|a газовые котельные
|
| 610 |
1 |
|
|a продукты сгорания
|
| 610 |
1 |
|
|a использование
|
| 610 |
1 |
|
|a утилизация тепла
|
| 610 |
1 |
|
|a контактно-газовые экономайзеры
|
| 610 |
1 |
|
|a горячее водоснабжение
|
| 610 |
1 |
|
|a отходящее тепло
|
| 675 |
|
|
|a 621.182
|v 3
|
| 700 |
|
1 |
|a Аронов
|b И. З.
|g Исаак Зиновьевич
|
| 801 |
|
1 |
|a RU
|b 63413507
|c 20050311
|g PSBO
|
| 801 |
|
2 |
|a RU
|b 63413507
|c 20180116
|g PSBO
|
| 942 |
|
|
|c BK
|